Modelos pedagógicos y teorías del aprendizaje.
Zapisane w:
| 1. autor: | |
|---|---|
| Format: | Nieznany |
| Język: | angielski |
| Wydane: |
Bogotá, Colombia:
Ediciones de la U,
2013.
|
| Wydanie: | Primera edición. |
| Hasła przedmiotowe: | |
| Etykiety: |
Dodaj etykietę
Nie ma etykietki, Dołącz pierwszą etykiete!
|
MARC
| LEADER | 00000 a2200000 4500 | ||
|---|---|---|---|
| 003 | CL-VaPUC | ||
| 005 | 20231004095758.0 | ||
| 008 | 230926t2013 ||||| |||| 00| 0 eng d | ||
| 999 | |c 441573 |d 441571 | ||
| 020 | |a 978-958-762-136-5 | ||
| 040 | |c Pontificia Universidad Católica de Valparaíso | ||
| 082 | |2 22 |a 371.3 ORT 2013 | ||
| 100 | |a Ortiz Ocaña, Alexander |9 884181 |e autor | ||
| 245 | |a Modelos pedagógicos y teorías del aprendizaje. | ||
| 250 | |a Primera edición. | ||
| 260 | |a Bogotá, Colombia: |b Ediciones de la U, |c 2013. | ||
| 300 | |a 159 páginas. | ||
| 583 | |k GC |c 20230926 | ||
| 650 | 0 | |9 254827 |a Aprendizaje |x Aspectos teóricos |x Prácticas pedagógicas | |
| 650 | 0 | |9 884747 |a Modelos pedagógicos |x Colegios y escuelas | |
| 650 | 0 | |9 380289 |a Metodología de la enseñanza |x Aspectos teóricos y psicológicos | |
| 942 | |2 ddc |c BK | ||
| 952 | |0 0 |1 0 |2 ddc |4 0 |6 371_300000000000000_ORT_2013 |7 0 |8 A |9 591668 |a BIBEDU |b BIBEDU |c S_PSTGRDO |d 2023-09-25 |e 3 |g 11222.00 |i 5658772 |o 371.3 ORT 2013 |p 5658772 |r 2025-01-22 |t 1 |v 11222.00 |w 2023-09-25 |y BK |k MLG | ||